Leeds, 1722. The American almanack for the year of Christian account, 1722 : ... Fitted to the latitude of 40 degrees, and a meridian of five hours west from London ... /

Bibliographic Details
Main Author: Leeds, Titan, 1699-1738
Format: eBook
Language:English
Series:Early American imprints. Evans (1639-1800) ; no. 39769.
Subjects:
Online Access:Evans Digital Edition

MARC

Tag First Indicator Second Indicator Subfields
LEADER 00000cam a2200000 a 4500
001 in00002139596
006 m e d #
007 cr mn mmmmabba
008 840611s1721 nyua s 000 0 eng d
005 20260331155722.6
035 |z w032516 
035 |a MAAR8406111008B 
035 |9 mwa91-25647 
035 |a 320797 
035 |a aas03032516 
040 |a MWA  |c MWA  |e bdrb  |d UtOrBLW 
100 1 |a Leeds, Titan,  |d 1699-1738. 
245 1 0 |a Leeds, 1722. The American almanack for the year of Christian account, 1722 :  |b ... Fitted to the latitude of 40 degrees, and a meridian of five hours west from London ... /  |c By Titan Leeds, philomat. 
264 3 |a [New York] :  |b Printed and sold by William Bradford, in the city of New-York,  |c 1722 [i.e., 1721] 
300 |a 24 unnumbered pages :  |b illustrations ;  |c 15 cm. (octavo) 
336 |a text  |b txt  |2 rdacontent 
337 |a computer  |b c  |2 rdamedia 
338 |a online resource  |b cr  |2 rdacarrier 
510 4 |a Bristol  |c B629 
510 4 |a Shipton & Mooney  |c 39769 
510 4 |a Drake, M. Almanacs,  |c 5569 
530 |a Microform version available in the Readex Early American Imprints series. 
533 |a Electronic text and image data.  |b [Chester, Vt. :  |c Readex, a division of Newsbank, Inc.,  |d 2002-2004.  |e Includes files in TIFF, GIF and PDF formats with inclusion of keyword searchable text.  |f (Early American imprints. First series ; no. 39769). 
500 |a Electronic resource. 
655 7 |a Almanacs  |z New York (State)  |y 1722.  |2 rbgenr 
740 0 |a American almanack for the year of Christian account, 1722. 
752 |a United States  |b New York  |d New York. 
830 0 |a Early American imprints.  |n Series I,  |p Evans (1639-1800) ;  |v no. 39769. 
856 4 1 |u http://proxy.library.tamu.edu/login?url=https://opac.newsbank.com/select/evans/39769  |y Evans Digital Edition  |t 0 
999 |a MARS 
999 f f |s f9f19e67-91f5-3d29-943a-519784d7e02f  |i ce7097ee-0074-3205-a069-0823a9a6612e  |t 0 
952 f f |a Texas A&M University  |b College Station  |c Electronic Resources  |s www_evans  |d Available Online  |t 0  |h No information provided 
998 f f |t 0  |l Available Online